000 01076nam a22003017a 4500
001 BR8301917
003 BR-BrBNA
005 20230928091632.0
007 ta
008 230509b bl.||||| |||| 00| 0 por d
040 _aBR-BrBNA
_bpor
_cBiblioteca Nacional de Agricultura
041 _a(Por)
072 _aL00
_b5213
_b5214
_b5240
_b/G514
090 _ 5213 BR8301917
110 1 _aUnidade de Execucao de Pesquisa de Ambito Estadual de Bage, RS (Brasil)
245 1 _aRelatorio tecnico anual da UEPAE/Bage, Rio Grande do Sul. 1980 [Unidade de Execucao de Pesquisa de Ambito Estadual, gado de corte, gado leiteiro, ovino, Brasil]
246 1 _a[Technical yearly report of the UEPAE/Bage, Rio Grande do Sul. 1980 [State Research Execution Unit, beef cattle, dairy cattle, sheep, Brazil]]
260 3 _aBage, RS (Brasil):
_c1982.
300 _a89 p.
650 _aGADO DE CORTE
650 _aGADO LEITEIRO
650 _aOVINO
650 _aDEFESA ANIMAL
650 _aBAGE
650 _aRIO GRANDE DO SUL
909 _a202309
_bLucia
_c55
_dLucia Elande
942 _cBK
999 _c34770
_d34770